000 00707nam a2200265 a 4500
001 000107701
003 CHAP
005 20220329143940.0
008 131016s2013 mx |r| ||||||spa d
010 _a104163
011 _a105135
020 _a9786073216388
040 _cCHAP
082 0 4 _a512.5
_bL43
100 1 _aLay, David C.
_9124429
245 1 0 _aÁlgebra lineal :
_bpara cursos un enfoque por competencias.
260 _aMéxico :
_bPearson,
_c2013.
300 _axv, 392 p.
534 _pTít. original :
_tLinear akgebra and itsapplications
590 _aE11695DGD
_b10
_c20131016
_lUCH01
_h1324
650 1 4 _aÁlgebra lineal.
_982392
901 _aBK
942 _cLIBRO
942 _n0
999 _c104163
_d104163